Gracia y gloria: breve introducción al cristianismo

Zapisane w:
Opis bibliograficzny
1. autor: Blanco Sarto, Pablo (Autor)
Format: Książka
Język:angielski
Wydane: Madrid Ediciones Palabra 2015
Wydanie:1a. ed
Seria:Colección Pelícano. Manual
Hasła przedmiotowe:
Etykiety: Dodaj etykietę
Nie ma etykietki, Dołącz pierwszą etykiete!

MARC

LEADER 00000cam a2200000 a 4500
001 UCD9436
003 CL-VaPUC
008 170616e20150000sp |||||||||||||||||eng|d
020 |a 9788490612347 
082 0 4 |a 248  |b BLA  |2 21 
100 0 |a Blanco Sarto, Pablo  |e author  |9 593136 
245 1 0 |a Gracia y gloria: breve introducción al cristianismo 
250 |a 1a. ed 
300 |a 187 p 
942 |c BK 
945 |d 20170616 21:05:00  |a arojas 
260 |a Madrid  |b Ediciones Palabra  |c 2015 
650 0 |a Vida espiritual  |9 307811 
650 0 |a Vida cristiana  |9 258753 
583 |a last modification  |c 20170616 21:05:00  |k Rodrigo Vera 
490 0 |a Colección Pelícano. Manual 
999 |c 368627  |d 368625 
952 |0 0  |1 0  |3 erb  |4 0  |6 248_000000000000000_BLA_2015  |7 0  |8 A  |9 483995  |a BIBTEO  |b BIBTEO  |i 5399068  |l 1  |o 248 BLA 2015  |p 5399068  |r 2025-01-17  |s 2024-08-09  |w 2019-11-24  |y BK  |z Catalogado en:20170616  |k ICR